| 000 | 00508nam a22001577a 4500 | ||
|---|---|---|---|
| 020 | _a9508942215 | ||
| 080 | _a343.13 P 268 | ||
| 100 | _aPastor, Daniel R | ||
| 245 |
_aEl Plazo razonable en el proceso del Estado de Derecho _bUna Investigaciòn acerca del problema de la excesiva duraciòn del proceso penal y sus posibles soluciones |
||
| 260 |
_aBuenos Aires _bAd-Hoc _c2002 |
||
| 300 | _a700 P. | ||
| 650 | _xderecho procesal penal | ||
| 650 | _xProceso penal | ||
| 945 |
_acd _d2015-02-20 |
||
| 999 |
_c3489 _d233993 |
||
| 942 | _6_ | ||